Osmanlı devrinde son sadrıazamlar (Record no. 5922)

MARC details
000 -BAŞLIK
Sabit Uzunlukta Kontrol Alanı 01022na a2200253 4500
001 - KONTROL NUMARASI
Denetim Alanı 17503
003 - KONTROL NUMARASI IDENTIFIER
Denetim Alanı MIRAKIL
005 - SON İŞLEM TARİHİ VE ZAMANI
Denetim Alanı 20181213155051.0
008 - SABİT-BOY VERİ ELEMANLARI - GENEL BİLGİLER
Sabit Uzunlukta Kontrol Alanı 161206b tu 000 0
020 ## - ULUSLARARASI STANDART KİTAP NUMARASI
Uluslararası Standart Kitap Numarası 9786053608028
040 ## - KATALOGLAMA KAYNAK
Orijinal Kataloglama Ajansı Milas
Kataloglama Dili tur
Metne Dönüştürmek Ajansı TR-AnCHP
041 ## - DİL KODU
Metin / Ses Parça Veya Ayrı Başlığın Dil Kodu tur
082 ## - DEWEY ONLU SINIFLANDIRMA NUMARASI
Sınıflandırma Numarası 956.10150922
Ürün Numarası İ52 2013
090 ## - SINIFLAMA NUMARASI
Sınıflama Numarası 956.10150922 İ52 2013
100 ## - ANA GİRİŞ - KİŞİSEL İSİM
Kişisel Ad İnal, İbnülemin Mahmud Kemal
245 ## - BAŞLIK TABLOSU
Başlık Osmanlı devrinde son sadrıazamlar
Sorumluluk Tablosu, Vb İbnülemin Mahmud Kemal İnal
260 ## - YAYIN, DAĞITIM, VB
Yayın, Dağıtım, Vb Yeri İstanbul
Yayıncı, Dağıtıcı, Vs Adı Türkiye İş Bankası Kültür Yayınları
Yayın, Dağıtım, Vb Tarihi 2013
300 ## - FİZİKSEL TANIM
Kapsam 3 c.
Boyutlar 23 sm.
440 ## - SERİSİ TABLOSU / KATMA GİRİŞİ - BAŞLIK
Başlık Türkiye İş Bankası Kültür Yayınları
Hacim / Ardışık Tanımı genel yayın: 2714
500 ## - GENEL NOT
Genel Not 1940-1944 arasında İstanbul Marif Matbaası'nda 5 cüz halinde yapılan baskının tıpkıbasımısır.
500 ## - GENEL NOT
Genel Not c.1 Osmanlı devrinde son sadrazamlar I-V -- c.2 Osmanlı devrinde son sadrazamlar VI-X -- c.3 Osmanlı devrinde son sadrazamlar XI-XIV.
650 ## - KONU KATMA GİRİŞ - TOPİKAL DÖNEM
Topikal Süreli Veya Coğrafi Ad Giriş Elemanı Sadrazamlar
Genel Alt Bölümü Osmanlı İmparatorluğu
Kronolojik Alt Bölümü Biyografi
942 ## - EKLENDİ GİRİŞ ELEMANLARI (KOHA)
Sınıflandırma Veya Raf Düzeni Kaynak
Koha Öğesi Türü Books
999 ## - SİSTEM KONTROL NUMARALARI (KOHA)
Koha Biblionumber 5922
Koha Biblioitemnumber 5922
Holdings
Kalıcı Konum Mevcut Konum Edinme Tarihi Edinim Kaynak Toplam Check-Out'Lar Tam Çağrı Numarası Barkod Tarih Son Görülme İtibaren Geçerli Fiyatlar Koha Öğesi Türü Seri Numaralandırma / Kronolojik
CHP Kütüphanesi CHP Kütüphanesi 10/25/2016 Bağış   956.10150922 İ52 2013 007188 10/25/2016 10/25/2016 Books  
CHP Kütüphanesi CHP Kütüphanesi 10/25/2016 Bağış   956.10150922 İ52 2013 007189 10/25/2016 10/25/2016 Books  
CHP Kütüphanesi CHP Kütüphanesi 10/25/2016 Bağış   956.10150922 İ52 2013 007190 10/25/2016 10/25/2016 Books c.2